000 00720nam a2200265Ia 4500
005 20260121142424.0
008 008 260114s9999 xx 000 0 eng d
020 _a9789354396212
037 _aEBOOK
040 _aCRL
040 _beng
040 _cCRL
041 _2eng
041 _aeng
084 _qCRL
100 _aG. Palanithurai
_9996293
245 0 _aBuilding Skill and Capability among Gram Panchayat Presidents an Experience from the Field
260 _bConcept Publishing Company Pvt. Ltd.
260 _bToday and Tomorrow
260 _c2005
856 _uhttps://asapglobe.com/Search.aspx?q=8180691780&type=keyword
942 _cEBOOK
999 _c1563502
_d1563502